[Event "Natal CBX zt"]
[Site "Natal"]
[Date "2014.02.22"]
[Round "4"]
[White "Da Silva, Daniele Benicio"]
[Black "Caldas, Danilo Raposo Freir"]
[Result "1/2-1/2"]
[WhiteElo "1691"]
[BlackElo "1611"]
[PlyCount "73"]
[EventDate "2014.02.21"]
[EventType "swiss"]
[EventRounds "5"]
[EventCountry "BRA"]
[SourceTitle "CBM 159 Extra"]
[Source "ChessBase"]
[SourceDate "2014.04.24"]
[SourceVersion "1"]
[SourceVersionDate "2014.04.24"]
[SourceQuality "1"]

1. e4 c5 2. c3 d6 3. d4 cxd4 4. cxd4 Nf6 5. Nc3 e6 6. Bg5 Be7 7. Bb5+ Bd7 8. Bxd7+ Nbxd7 9. Bxf6 Nxf6 10. Nge2 d5 11. e5 Nd7 12. 0-0 0-0 13. f4 Nb6 14. b3 Rc8 15. Qd3 f6 16. Qh3 fxe5 17. Qxe6+ Kh8 18. fxe5 Rc6 19. Qh3 Rh6 20. Qd3 a6 21. Rxf8+ Qxf8 22. Rf1 Qe8 23. Nf4 Qd7 24. Qf3 Qd8 25. Nfxd5 Nxd5 26. Nxd5 Ba3 27. b4 g6 28. Qf8+ Qxf8 29. Rxf8+ Kg7 30. Rf6 Rh4 31. Nf4 Bb2 32. Ne6+ Kh6 33. Rf3 Bxd4+ 34. Nxd4 Rxd4 35. Re3 Kg7 36. e6 Kf8 37. a3 1/2-1/2

[Event "Natal CBX zt"]
[Site "Natal"]
[Date "2014.02.22"]
[Round "3"]
[White "Da Silva, Daniele Benicio"]
[Black "Ferreira, Alexander da Silva"]
[Result "1/2-1/2"]
[WhiteElo "1691"]
[BlackElo "1699"]
[PlyCount "124"]
[EventDate "2014.02.21"]
[EventType "swiss"]
[EventRounds "5"]
[EventCountry "BRA"]
[SourceTitle "CBM 159 Extra"]
[Source "ChessBase"]
[SourceDate "2014.04.24"]
[SourceVersion "1"]
[SourceVersionDate "2014.04.24"]
[SourceQuality "1"]

1. e4 e5 2. Nf3 Nc6 3. Nc3 Nf6 4. Bc4 Bc5 5. d3 h6 6. Na4 Be7 7. Be3 d6 8. Nc3 Na5 9. Bb3 Nxb3 10. axb3 c5 11. 0-0 Bg4 12. h3 Bh5 13. g4 Nxg4 14. hxg4 Bxg4 15. Kg2 h5 16. Rg1 g5 17. Qd2 Bxf3+ 18. Kxf3 g4+ 19. Ke2 Qd7 20. Nd5 Bd8 21. Bg5 Rg8 22. Bf6 Rg6 23. Bxd8 Qxd8 24. b4 Kd7 25. bxc5 dxc5 26. Qc3 Kd6 27. b4 Qc8 28. Ne3 b6 29. Nf5+ Ke6 30. Qc4+ Kf6 31. bxc5 Qxc5 32. Qxc5 bxc5 33. Ra5 Kg5 34. Rxc5 Kf4 35. Ra5 a6 36. c4 Rb6 37. Ra2 Rab8 38. Rd2 Rb2 39. Rgd1 a5 40. c5 Rxd2+ 41. Rxd2 Rc8 42. Rc2 a4 43. Rc3 a3 44. Rxa3 Rxc5 45. Kd1 Rb5 46. Kc1 Rc5+ 47. Kd1 Rb5 48. Ra1 Kf3 49. Nh4+ Kxf2 50. Ra2+ Kg3 51. Nf5+ Kf4 52. Rf2+ Kg5 53. Ke1 Rb1+ 54. Ke2 Rb2+ 55. Kf1 Rxf2+ 56. Kxf2 h4 57. Kg2 f6 58. Kh2 Kf4 59. Nxh4 Ke3 60. Kg3 Kxd3 61. Kxg4 Kxe4 62. Nf5 Kd3 1/2-1/2

[Event "Natal CBX zt"]
[Site "Natal"]
[Date "2014.02.22"]
[Round "2"]
[White "De Carvalho, Matheus Leao"]
[Black "Da Silva, Daniele Benicio"]
[Result "0-1"]
[WhiteElo "1826"]
[BlackElo "1691"]
[PlyCount "96"]
[EventDate "2014.02.21"]
[EventType "swiss"]
[EventRounds "5"]
[EventCountry "BRA"]
[SourceTitle "CBM 159 Extra"]
[Source "ChessBase"]
[SourceDate "2014.04.24"]
[SourceVersion "1"]
[SourceVersionDate "2014.04.24"]
[SourceQuality "1"]

1. e4 e5 2. f4 d6 3. Nf3 Bg4 4. Nc3 c6 5. Be2 exf4 6. d4 Bxf3 7. Bxf3 Qh4+ 8. Ke2 Nf6 9. Qe1 Qxe1+ 10. Rxe1 g5 11. e5 dxe5 12. dxe5 Nfd7 13. Ne4 h6 14. Nf6+ Ke7 15. Nxd7 Nxd7 16. b3 Nxe5 17. Bb2 Bg7 18. Kf1 f6 19. Bxe5 fxe5 20. Re2 Kf6 21. Bh5 Rad8 22. Rae1 Ke7 23. Kg1 Bf6 24. h3 Rd6 25. Kf2 Rhd8 26. Kf3 Rd2 27. Kf2 Rxe2+ 28. Rxe2 b6 29. Bf3 c5 30. a4 Rd4 31. Ke1 c4 32. c3 Rd3 33. bxc4 Rxc3 34. Re4 Kd6 35. Kd2 Rb3 36. Kc2 Rb4 37. Kc3 Kc5 38. Bd1 a6 39. Bb3 h5 40. Re1 e4+ 41. Kc2 e3 42. g3 Bd4 43. gxf4 gxf4 44. h4 f3 45. Rg1 e2 46. Rg5+ Kd6 47. Kd2 Bc3+ 48. Kxc3 e1Q+ 0-1

[Event "Potiguar-ch"]
[Site "Natal"]
[Date "2013.09.28"]
[Round "3"]
[White "Da Silva, Daniele Benicio"]
[Black "Oliveira, Gabriel Betanio"]
[Result "1-0"]
[WhiteElo "1775"]
[BlackElo "1825"]
[PlyCount "51"]
[EventDate "2013.09.27"]
[EventType "swiss"]
[EventRounds "9"]
[EventCountry "BRA"]
[SourceTitle "EXT 2015"]
[Source "ChessBase"]
[SourceDate "2014.11.20"]
[SourceVersion "1"]
[SourceVersionDate "2014.11.20"]
[SourceQuality "1"]

1. e4 e6 2. Nf3 d5 3. e5 c5 4. c3 Nc6 5. d4 f6 6. Bb5 a6 7. Bxc6+ bxc6 8. 0-0 fxe5 9. dxe5 Ne7 10. Bg5 h6 11. Bh4 g5 12. Bg3 Nf5 13. Qd3 c4 14. Qc2 Qb6 15. Kh1 Be7 16. Nbd2 a5 17. b3 Ba6 18. Rfe1 Bc5 19. bxc4 Bxf2 20. Rab1 Qa7 21. Bxf2 Qxf2 22. Rf1 Qc5 23. Nd4 Nxd4 24. Qg6+ Kd8 25. Qf6+ Kd7 26. Qg7+ 1-0

[Event "Natal Potiguar op"]
[Site "Natal"]
[Date "2013.07.06"]
[Round "4"]
[White "Da Silva, Daniele Benicio"]
[Black "De Araujo, Antonio Jose"]
[Result "0-1"]
[WhiteElo "1785"]
[BlackElo "1730"]
[PlyCount "52"]
[EventDate "2013.07.05"]
[EventType "swiss"]
[EventRounds "6"]
[EventCountry "BRA"]
[SourceTitle "EXT 2014"]
[Source "ChessBase"]
[SourceDate "2013.11.20"]
[SourceVersion "1"]
[SourceVersionDate "2013.11.20"]
[SourceQuality "1"]

1. e4 Nf6 2. Nc3 e5 3. Bc4 Bb4 4. Nge2 c6 5. a3 Bxc3 6. Nxc3 0-0 7. 0-0 d5 8. exd5 cxd5 9. Ba2 d4 10. Ne2 Bg4 11. f3 Bf5 12. Ng3 Bg6 13. d3 h6 14. f4 Nc6 15. fxe5 Nxe5 16. Bf4 Nc6 17. Qf3 Qd7 18. Rf2 Rfe8 19. Raf1 Ng4 20. Rd2 Re7 21. h3 Ne3 22. Bxe3 dxe3 23. Rdd1 Nd4 24. Qg4 Qxg4 25. hxg4 e2 26. Rde1 exf1Q+ 0-1

[Event "Monte Alegre Potiguar-ch"]
[Site "Monte Alegre"]
[Date "2013.05.25"]
[Round "3"]
[White "Da Silva, Daniele Benicio"]
[Black "De Freitas, Eloiza Cristina"]
[Result "1-0"]
[WhiteElo "1785"]
[BlackElo "1800"]
[PlyCount "99"]
[EventDate "2013.05.25"]
[EventType "swiss"]
[EventRounds "5"]
[EventCountry "BRA"]
[SourceTitle "EXT 2015"]
[Source "ChessBase"]
[SourceDate "2014.11.20"]
[SourceVersion "1"]
[SourceVersionDate "2014.11.20"]
[SourceQuality "1"]

1. d4 d5 2. Nf3 Nc6 3. e3 a6 4. Bd3 Bg4 5. h3 Bh5 6. g4 Bg6 7. Bxg6 hxg6 8. Nc3 e6 9. Bd2 Be7 10. Qe2 f5 11. 0-0-0 Nf6 12. Ng5 Qd7 13. f3 Ng8 14. h4 Nh6 15. Na4 0-0-0 16. Nc5 Bxc5 17. dxc5 Nf7 18. Nxf7 Qxf7 19. Bc3 Rh7 20. Rd3 Qe7 21. Be1 Qxc5 22. Rc3 Qd6 23. Rb3 f4 24. Qd3 Ne5 25. Qe2 Nc4 26. exf4 Qxf4+ 27. Kb1 Rd6 28. Qg2 Rc6 29. Qf2 a5 30. Qa7 Nb6 31. Bxa5 Qd4 32. Bxb6 cxb6 33. Qa8+ Kc7 34. Ra3 Rxh4 35. Rc1 Kd7 36. Qxb7+ Rc7 37. Qa6 Ke7 38. Rd3 Qf2 39. Qa3+ Kf7 40. b3 Rxc2 41. Rxc2 Qf1+ 42. Qc1 Qxd3 43. Qf4+ Kg8 44. Kb2 Qa6 45. Qg5 Rh1 46. Qxg6 Rh6 47. Qe8+ Kh7 48. g5 Rg6 49. Rh2+ Rh6 50. g6# 1-0